000 00516nam a2200193Ia 4500
005 20250508160916.0
008 008 250505s9999 xx 000 0 eng d
037 _aTextual
040 _aFEDL
_beng
_cFEDL
041 _aeng
_2eng
084 _a155.4, AMB
_qFEDL
100 _aAmbron Sueann Robinson
245 0 _aChild development
260 _aSan Francisco
_bRinehart Press
_c1975
300 _a501p.
650 _aChild Psychology
942 _cTEXL
_h155.4, AMB
999 _c1367335
_d1367335